Heathen - David Bowie - Statistics

General Stats
  • This quiz has been taken 7 times
  • The average score is 10 of 18
Answer Stats
Answer % Correct
Heathen (The Rays)
100%
Sunday
100%
5:15 The Angels Have Gone
80%
A Better Future
80%
Cactus
80%
Everyone Says 'Hi'
80%
Slow Burn
80%
Afraid
60%
I Took a Trip on a Gemini Spaceship
60%
I've Been Waiting For You
60%
I Would Be Your Slave
60%
Slip Away
60%
Baby Loves That Way
20%
Safe
20%
Shadow Man
20%
When the Boys Come Marching Home
20%
Wood Jackson
20%
You've Got a Habit of Leaving
20%
No matching quizzes found
Score Distribution
Percent of People with Each Score
Percentile by Number Answered
Your Score History
You have not taken this quiz